000
00327cam a2200109 4500
008
100726n 000 0 eng u
035
_a
(Sirsi) a170660
050
_a
HC 60 SCI
245
_a
Industrial Development:Science, Technology and Development
260
_a
Washington D.C:
_b
Goernment printing office,
_c
300
_a
190p.
999
_c
115291
_d
115291